000 00517naa a2200193 i 4500
001 88808
003 ES-MaBCM
005 20241016125514.0
008 030117s2002 fra 000 0 fre d
021 _axx
035 _a(OCoLC)1365219798
040 _cES-MaBCM
041 0 _afre
043 _afra
245 0 0 _aRatio de solvabilité
_b: la réforme annoncée
650 2 7 _aBanca
_957691
773 0 _aEn:
_tProblèmes économiques
_dParis : 2002
_w104496
_gnº 2.785, nov., p. 30-32. - Loc. S.428
942 _cAREV
999 _c88808
_d88808